[Event "Jesenik Rapid op"]
[Site "Jesenik"]
[Date "2023.08.18"]
[Round "7"]
[White "Cechacek, Miroslav"]
[Black "Sara, David"]
[Result "1-0"]
[WhiteElo "1519"]
[BlackElo "1235"]
[PlyCount "71"]
[EventDate "2023.08.18"]
[EventType "swiss (rapid)"]
[EventRounds "9"]
[EventCountry "CZE"]
[SourceTitle "EXT 2024"]
[Source "ChessBase"]
[SourceDate "2023.10.10"]
[SourceVersion "1"]
[SourceVersionDate "2023.10.10"]
[SourceQuality "1"]

1. e4 e5 2. f4 d6 3. Nf3 Bg4 4. h3 Bxf3 5. Qxf3 Nc6 6. Bb5 Nge7 7. 0-0 a6 8. Bxc6+ Nxc6 9. c3 Qd7 10. fxe5 Nxe5 11. Qf5 Qxf5 12. exf5 Nd3 13. Na3 d5 14. Rf3 Bc5+ 15. Kf1 Ne5 16. Rg3 0-0-0 17. d4 Bxa3 18. dxe5 Bc5 19. Rxg7 Rde8 20. Bf4 Rhg8 21. Rxf7 Rgf8 22. Rxf8 Rxf8 23. g4 Kd7 24. Re1 c6 25. e6+ Ke7 26. Bg5+ Ke8 27. Kg2 Be7 28. h4 Bxg5 29. hxg5 Rg8 30. Kg3 Rxg5 31. Kf4 h6 32. Rh1 Rg8 33. Rxh6 Ke7 34. Rh7+ Ke8 35. Rxb7 Rh8 36. Rb8+ 1-0

[Event "Jesenik Rapid op"]
[Site "Jesenik"]
[Date "2023.08.18"]
[Round "4"]
[White "Slavinsky, Rostislav"]
[Black "Cechacek, Miroslav"]
[Result "1-0"]
[WhiteElo "1981"]
[BlackElo "1519"]
[PlyCount "127"]
[EventDate "2023.08.18"]
[EventType "swiss (rapid)"]
[EventRounds "9"]
[EventCountry "CZE"]
[SourceTitle "EXT 2024"]
[Source "ChessBase"]
[SourceDate "2023.10.10"]
[SourceVersion "1"]
[SourceVersionDate "2023.10.10"]
[SourceQuality "1"]

1. Nf3 c5 2. g3 Nc6 3. Bg2 Nf6 4. 0-0 d5 5. d3 e5 6. e4 d4 7. Nbd2 Bd6 8. a4 0-0 9. Nc4 Bc7 10. Bd2 a6 11. a5 Bg4 12. h3 Bh5 13. g4 Bg6 14. Nh4 b5 15. axb6 Bxb6 16. Nf5 Bc7 17. b3 Nb4 18. f4 exf4 19. Bxf4 Bxf5 20. gxf5 Ra7 21. Qd2 Nh5 22. Bxc7 Qxc7 23. e5 g6 24. f6 Re8 25. Bf3 Ng3 26. Qh6 Nf5 27. Qd2 Nc6 28. Rae1 Nxe5 29. Be4 Nxc4 30. bxc4 Qg3+ 31. Qg2 Qxg2+ 32. Bxg2 Ne3 33. Rf4 Kf8 34. Rh4 h5 35. Re4 a5 36. c3 Rxe4 37. Bxe4 a4 38. cxd4 cxd4 39. Ra1 a3 40. Ra2 Nc2 41. c5 Nb4 42. Ra1 a2 43. Bd5 Ke8 44. c6 Kd8 45. Bc4 Kc7 46. Kf2 Kxc6 47. Kf3 Kc5 48. Ke4 Nc2 49. Rxa2 Rxa2 50. Bxa2 Nb4 51. Bxf7 g5 52. Bxh5 Nd5 53. Ke5 Nf4 54. f7 Nxd3+ 55. Kf5 Nf4 56. f8Q+ Kc4 57. Qc8+ Kd3 58. Kxg5 Nxh5 59. Kxh5 Ke2 60. Qc4+ d3 61. Kg5 Ke3 62. h4 d2 63. Qc2 Ke2 64. h5 1-0